00611nam a2200169 a 450000100100000000500170001000800410002704000250006808200150009310000340010824500990014226000400024130000210028104900090030295201130031199900170042400001721520200929165042.0100319s19uu dr 000 0 spa d aDO-SdBNPbspacBNPHU axxxbM917c1 aMota Medrano, Salvador93786013aLa cantidad como dominante en la vida universal, teoría del cancer /cSalvador Mota Medrano. aSanto Domingo :bArte y Cine,c190? a102 p. ;c19 cm. aBNPD 0010718PDaPDbPDcCTd2010-03-19iLF1l0oxxx M917cp17215-10r2020-06-25w2020-06-25yLFPDZNo se presta c16740d16740